Femur Elements - Statistics

General Stats
  • This quiz has been taken 72 times
    65 since last reset
  • The average score is 8 of 15
Answer Stats
Hint Answer % Correct
B Head
96%
C Greater Trochanter
84%
E Lesser trochanter
80%
N Lateral condyle
68%
K Lateral epicondyle
68%
I Linea aspera
68%
O Medial condyle
68%
J Medial epicondyle
68%
L Intercondylar fossa
40%
D Intertrochanteric line
36%
M Patellar surface
32%
A Fovea Capitis
28%
G Pectineal line
28%
F Gluteal line
8%
H Spiral line
8%
No matching quizzes found
Score Distribution
Percent of People with Each Score
Percentile by Number Answered
Your Score History
You have not taken this quiz since the last reset